Thần thoại Hy Lạp T.2 /

Thần thoại Hy Lạp, một di sản văn hoá của nhân dân Hy Lạp, từ lâu đã trở thành một giá trị phổ biến vô cùng quý báu của gia tài văn hoá nhân loại.

Gespeichert in:
Bibliographische Detailangaben
1. Verfasser: Nguyễn Văn Khoả.
Format: Buch
Sprache:Vietnamese
Veröffentlicht: Hà Nội : Văn hoá dân tộc, 1998.
Schlagworte:
Tags: Tag hinzufügen
Keine Tags, Fügen Sie den ersten Tag hinzu!
Thư viện lưu trữ: Mạng thư viện Đại học Đà Nẵng
LEADER 01094cam a2200349 i 4500
001 000046747
003 6255
005 20030917082120.0
008 010306b1998 vm 000 vie
020 |c 54000 
040 |a IRC  |c IRC  |d IRC 
041 0 |a vie 
082 1 4 |a 888  |b NG-K 
100 1 |a Nguyễn Văn Khoả. 
245 0 0 |a Thần thoại Hy Lạp  |n T.2 /  |c Nguyễn Văn Khoả. 
260 |a Hà Nội :  |b Văn hoá dân tộc,  |c 1998. 
300 |a 703tr. ;  |c 19cm. 
520 3 |a Thần thoại Hy Lạp, một di sản văn hoá của nhân dân Hy Lạp, từ lâu đã trở thành một giá trị phổ biến vô cùng quý báu của gia tài văn hoá nhân loại. 
630 0 4 |a Văn học dân gian. 
630 0 4 |a Thần thoại Hy Lạp. 
630 0 4 |a Văn học Hy Lạp. 
650 0 4 |a Văn học cổ  |x Thần thoại Hy Lạp. 
OWN |a DUT 
999 |a From the UDN01 
TYP |a Monograph 
TYP |a Printed language 
980 |a Mạng thư viện Đại học Đà Nẵng